UBT Library

TM*: discovering inner energy and overcoming stress (Record no. 44770)

000 -LEADER
fixed length control field 00717cam a2200217 4500
001 - CONTROL NUMBER
control field 1733573
005 - DATE AND TIME OF LATEST TRANSACTION
control field 20180312092213.0
008 - FIXED-LENGTH DATA ELEMENTS--GENERAL INFORMATION
fixed length control field 740909s1975 nyua b 001 0 eng
010 ## - LIBRARY OF CONGRESS CONTROL NUMBER
LC control number 74019289
020 ## - INTERNATIONAL STANDARD BOOK NUMBER
International Standard Book Number 0440060486
040 ## - CATALOGING SOURCE
Original cataloging agency DLC
Transcribing agency DLC
Modifying agency DLC
041 ## - LANGUAGE CODE
Language code of text/sound track or separate title eng
080 ## - UNIVERSAL DECIMAL CLASSIFICATION NUMBER
Universal Decimal Classification number 621 HAR
082 00 - DEWEY DECIMAL CLASSIFICATION NUMBER
Classification number 621 HAR
100 1# - Rafti
Rafti 27
101 ## - Shkurtesa
Shkurtesa MEC
245 10 - TITLE STATEMENT
Title TM*: discovering inner energy and overcoming stress
Statement of responsibility, etc [by] Harold H. Bloomfield, Michael Peter Cain [and] Dennis T. Jaffe, in collaboration with Robert Bruce Kory. Foreword by Hans Selye; introd. by R. Buckminster Fuller.
504 ## - BIBLIOGRAPHY, ETC. NOTE
Bibliography, etc Bibliography: p. [261]-280.
906 ## - LOCAL DATA ELEMENT F, LDF (RLIN)
a 7
b cbc
c orignew
d 1
e ocip
f 19
g y-gencatlg
942 ## - ADDED ENTRY ELEMENTS (KOHA)
Source of classification or shelving scheme
Item type Books
Holdings
Withdrawn status Lost status Source of classification or shelving scheme Damaged status Not for loan Collection code Permanent location Current location Shelving location Date acquired Total Checkouts Full call number Barcode Date last seen Price effective from Koha item type
          Koleksioni i përgjithshem UBT - Lipjan UBT - Lipjan Koleksioni i përgjithshem 03/12/2018   621 HAR 002-3001401 03/12/2018 03/12/2018 Books
UBT Library © 2015-2024. All rights reserved University Education for Business and Technology